| 000 | 00487nam a2200181Ia 4500 | ||
|---|---|---|---|
| 003 | OSt | ||
| 005 | 20250217143123.0 | ||
| 007 | ca aa aaaaa | ||
| 008 | 201103s9999 xx 000 0 und d | ||
| 040 | _cSSBUL | ||
| 041 | _abur | ||
| 082 |
_a၂၉၄.၃၄၃၅၀၉ _bဒါ |
||
| 245 | 0 | _aဒါဌာဓာတုဝတ္ထု။ | |
| 300 |
_aဆ၊ ၁၈၄ စာမျက်နှာ ၊ _c၂၀ စင်တီ။ |
||
| 942 |
_cBK _2ddc |
||
| 942 | _2ddc | ||
| 942 | _2ddc | ||
| 999 |
_c21064 _d21064 |
||